000 00882nas a2200265 4500
001 BR2013003420
003 BR-BrBNA
005 20231205122247.0
007 ta
008 230509b bl.|||p| |||| 00| 00por d
040 _aBR-BrBNA
_bpor
_cBiblioteca Nacional de Agricultura
041 _a(Pt)
072 _aQ53; L73
100 1 _aDuarte, C. da P.
100 1 _aSilva, M. de F.S. da
245 1 _aComparação entre coletas de amostras fecais para análise microbiológica em camundongos oralmente tolerizados
650 _aCAMUNDONGO
650 _aANÁLISE MICROBIOLÓGICA
650 _aAMOSTRAGEM
650 _aSELEÇÃO GENÉTICA
650 _aCONTAMINAÇÃO
773 0 _tRevista Brasileira de Medicina Veterinária (Brazil)
_xISSN 0100-2430
_g(Jul-Sep 2012), v. 34(3) p. 165-168
_wBR2013003420
909 _a202311
_bLúcia
_c55
_dLúcia Elande
942 _2AGRIS
_n0
_cANA
999 _c227748
_d227748